[Event "SEMI B014 email"]
[Site "SEMI email"]
[Date "2000.10.10"]
[Round "?"]
[White "Petrolo, Mauro"]
[Black "Pasquale, Maria Elena"]
[Result "1-0"]
[WhiteElo "1710"]
[BlackElo "1300"]
[PlyCount "31"]
[EventDate "2000.10.10"]
[EventType "tourn (corr)"]
[EventRounds "6"]
[EventCountry "ITA"]
[SourceTitle "Corr 2004"]
[Source "ChessBase"]
[SourceDate "2003.04.28"]
[SourceVersion "3"]
[SourceVersionDate "2003.04.28"]
[SourceQuality "1"]

1. e4 e5 2. Nf3 Nc6 3. Bc4 Be7 4. d4 d6 5. d5 Nb8 6. Bd3 Nf6 7. c4 0-0 8. h3 Ne8 9. 0-0 g6 10. Bh6 Ng7 11. Nc3 f5 12. exf5 Bxf5 13. Bxf5 Rxf5 14. Ne4 Rh5 15. Be3 b6 16. Ng3 1-0